[Event "Oberliga Wuerttemberg 2122"]
[Site "Wuerttemberg"]
[Date "2022.05.15"]
[Round "9.7"]
[White "Froehlich, Franziska"]
[Black "Bergner, Philipp"]
[Result "1/2-1/2"]
[WhiteElo "1887"]
[BlackElo "2089"]
[PlyCount "42"]
[EventDate "2021.09.19"]
[EventType "team-tourn"]
[EventRounds "9"]
[EventCountry "GER"]
[SourceTitle "EXT 2024"]
[Source "ChessBase"]
[SourceDate "2023.10.10"]
[SourceVersion "1"]
[SourceVersionDate "2023.10.10"]
[SourceQuality "1"]
[WhiteTeam "Ulm Weisse Dame"]
[BlackTeam "Schwaebisch Gmuend"]
[WhiteTeamCountry "GER"]
[BlackTeamCountry "GER"]

1. e4 e5 2. Nf3 Nc6 3. Bb5 a6 4. Ba4 Nf6 5. 0-0 Be7 6. d3 b5 7. Bb3 d6 8. a4 b4 9. Nbd2 0-0 10. Re1 Be6 11. Bxe6 fxe6 12. Nc4 Qd7 13. Bd2 a5 14. c3 Rae8 15. cxb4 axb4 16. a5 Ra8 17. Ra4 Rfb8 18. Qb3 Nh5 19. Rea1 Nf4 20. Bxf4 exf4 21. d4 d5 1/2-1/2

[Event "Heusenstamm Sparkassen op-A 7th"]
[Site "Heusenstamm"]
[Date "2021.11.19"]
[Round "3.23"]
[White "Bergner, Philipp"]
[Black "Muedder, Rafael"]
[Result "0-1"]
[WhiteElo "2100"]
[BlackElo "1999"]
[PlyCount "54"]
[EventDate "2021.11.18"]
[EventType "swiss"]
[EventRounds "7"]
[EventCountry "GER"]
[SourceTitle "EXT 2023"]
[Source "ChessBase"]
[SourceDate "2022.10.05"]
[SourceVersion "1"]
[SourceVersionDate "2022.10.05"]
[SourceQuality "1"]

1. d4 Nf6 2. c4 g6 3. Nc3 d5 4. Nf3 Bg7 5. cxd5 Nxd5 6. e4 Nxc3 7. bxc3 c5 8. Be3 Qa5 9. Qd2 Nc6 10. Rb1 cxd4 11. cxd4 0-0 12. d5 Bc3 13. dxc6 bxc6 14. Bc4 Bxd2+ 15. Bxd2 Qc7 16. h4 h5 17. Ng5 a5 18. a4 Ba6 19. Ba2 Qd6 20. Rh3 Rab8 21. Rxb8 Qxb8 22. Bc3 Qf4 23. Re3 Qh2 24. Rf3 Qh1+ 25. Kd2 Rd8+ 26. Kc2 Qd1+ 27. Kb2 Rb8+ 0-1

[Event "Murrhard Wuerttemberg op"]
[Site "Murrhard"]
[Date "2021.08.19"]
[Round "2"]
[White "Bergner, Philipp"]
[Black "Gavrin, Tim"]
[Result "1-0"]
[WhiteElo "2072"]
[BlackElo "1668"]
[PlyCount "53"]
[EventDate "2021.08.18"]
[EventType "swiss"]
[EventRounds "7"]
[EventCountry "GER"]
[SourceTitle "CBM 204 Extra"]
[Source "ChessBase"]
[SourceDate "2021.11.30"]
[SourceVersion "1"]
[SourceVersionDate "2021.11.30"]
[SourceQuality "1"]

1. d4 Nf6 2. c4 g6 3. Nc3 d5 4. Nf3 Bg7 5. cxd5 Nxd5 6. e4 Nxc3 7. bxc3 c5 8. Be3 Qa5 9. Qd2 Nc6 10. Rb1 a6 11. Rc1 f5 12. e5 f4 13. Bxf4 Bg4 14. Be2 Rd8 15. Ng5 Bxe2 16. Qxe2 Nxd4 17. Qc4 Rf8 18. 0-0 b5 19. Qxc5 Ne2+ 20. Kh1 Rxf4 21. Qc6+ Kf8 22. Rce1 Qxc3 23. Ne6+ Kg8 24. Nxd8 Qxe5 25. Qc8 Bf8 26. Ne6 Rxf2 27. Qxf8+ 1-0

[Event "Prague Summer op-A 8th"]
[Site "Prague"]
[Date "2021.08.08"]
[Round "4"]
[White "Mladek, Richard"]
[Black "Bergner, Philipp"]
[Result "1-0"]
[WhiteElo "2315"]
[BlackElo "2072"]
[PlyCount "93"]
[EventDate "2021.08.06"]
[EventType "swiss"]
[EventRounds "9"]
[EventCountry "CZE"]
[SourceTitle "CBM 203 Extra"]
[Source "ChessBase"]
[SourceDate "2021.09.30"]
[SourceVersion "1"]
[SourceVersionDate "2021.09.30"]
[SourceQuality "1"]

1. d4 d5 2. c4 e6 3. Nc3 Nf6 4. Bg5 Be7 5. cxd5 Nxd5 6. Bxe7 Qxe7 7. e3 0-0 8. Nf3 b6 9. Qb3 Bb7 10. Rc1 Nd7 11. Bc4 Nxc3 12. bxc3 c5 13. Be2 e5 14. 0-0 cxd4 15. cxd4 Rac8 16. Qa4 a6 17. Rfd1 exd4 18. Nxd4 Rxc1 19. Rxc1 Nc5 20. Qb4 Qg5 21. g3 Qf6 22. Rb1 Nd7 23. Bg4 Ne5 24. Qxb6 Be4 25. Qxf6 gxf6 26. Rb6 Nxg4 27. f3 Bxf3 28. Nxf3 Re8 29. Rxa6 Rxe3 30. Nd4 h6 31. Nf5 Re1+ 32. Kg2 Ne3+ 33. Kf2 Rf1+ 34. Kxe3 Rxf5 35. a4 h5 36. Rb6 h4 37. gxh4 Ra5 38. Rb4 Kg7 39. Kd3 f5 40. Kc3 Kf6 41. Rb6+ Ke7 42. Kb4 Re5 43. Rc6 f4 44. Rc3 Re4+ 45. Rc4 f5 46. Rxe4+ fxe4 47. Kc3 1-0

[Event "Reutlingen op 20th"]
[Site "Reutlingen"]
[Date "2015.05.23"]
[Round "3"]
[White "Zeller, Frank"]
[Black "Bergner, Philipp"]
[Result "0-1"]
[WhiteElo "2396"]
[BlackElo "2149"]
[PlyCount "110"]
[EventDate "2015.05.22"]
[EventType "swiss"]
[EventRounds "7"]
[EventCountry "GER"]
[SourceTitle "EXT 2016"]
[Source "ChessBase"]
[SourceDate "2015.10.08"]
[SourceVersion "1"]
[SourceVersionDate "2015.10.08"]
[SourceQuality "1"]

1. e4 c5 2. Nf3 d6 3. d4 cxd4 4. Nxd4 Nf6 5. Nc3 a6 6. Bc4 e6 7. 0-0 Be7 8. Bb3 0-0 9. f4 Nbd7 10. Be3 Nc5 11. Qf3 Qc7 12. g4 Bd7 13. g5 Ne8 14. f5 b5 15. a3 Nxb3 16. cxb3 Qb7 17. Qh5 g6 18. Qh6 exf5 19. exf5 Bxf5 20. Nxf5 gxf5 21. Rf4 f6 22. g6 Bd8 23. Kf2 Qg7 24. gxh7+ Kh8 25. Qh3 Qb7 26. Rg1 Bb6 27. Rg8+ Rxg8 28. hxg8Q+ Kxg8 29. Rh4 Bxe3+ 30. Kxe3 Ng7 31. Kd2 Re8 32. Rh8+ Kf7 33. Rh7 Kg8 34. Rh8+ Kf7 35. Rh7 Kg8 36. b4 Qa7 37. Kc2 Qd4 38. Qh6 Qg4 39. h4 f4 40. Rh8+ Kf7 41. Rxe8 Nxe8 42. Qh7+ Ng7 43. Qd3 f3 44. Ne4 Qg2+ 45. Kc3 f2 46. Nd2 Qc6+ 47. Kd4 Qc1 48. Ke3 Qe1+ 49. Qe2 Nf5+ 50. Kd3 Ng3 51. Qg4 f1Q+ 52. Nxf1 Qxf1+ 53. Ke3 Nf5+ 54. Kd2 Qf2+ 55. Kc1 Qxh4 0-1

[Event "Stuttgart-chA op"]
[Site "Ditzingen"]
[Date "2015.05.14"]
[Round "1"]
[White "Schoembs, Oliver"]
[Black "Bergner, Philipp"]
[Result "0-1"]
[WhiteElo "1920"]
[BlackElo "2149"]
[PlyCount "70"]
[EventDate "2015.05.14"]
[EventType "swiss"]
[EventRounds "7"]
[EventCountry "GER"]
[SourceTitle "EXT 2018"]
[Source "ChessBase"]
[SourceDate "2017.10.13"]
[SourceVersion "1"]
[SourceVersionDate "2017.10.13"]
[SourceQuality "1"]

1. e4 c5 2. Nf3 d6 3. d4 cxd4 4. Nxd4 Nf6 5. Nc3 a6 6. g3 e5 7. Nb3 b5 8. Bg2 Bb7 9. 0-0 Be7 10. Be3 Nbd7 11. Qe2 Rc8 12. Rad1 0-0 13. a3 Qc7 14. Nc1 Nb6 15. N1a2 Nc4 16. Bc1 Qb8 17. Nd5 Nxd5 18. exd5 Qc7 19. Nc3 Nxa3 20. f4 Nc4 21. f5 f6 22. Rd3 Bd8 23. Ne4 Nb6 24. Rfd1 Qd7 25. Qh5 Rxc2 26. g4 Bxd5 27. Nxf6+ Rxf6 28. Bxd5+ Nxd5 29. Rxd5 Rxc1 30. Rxc1 Rh6 31. Rxd6 Rxd6 32. g5 Rd2 33. Rf1 Qd4+ 34. Kh1 Qe4+ 35. Rf3 Qe1+ 0-1

[Event "Deizisau op 9th"]
[Site "Deizisau"]
[Date "2014.10.26"]
[Round "4"]
[White "Bergner, Philipp"]
[Black "Wiley, Tom E"]
[Result "0-1"]
[WhiteElo "2058"]
[BlackElo "2204"]
[PlyCount "118"]
[EventDate "2014.10.24"]
[EventType "swiss"]
[EventRounds "7"]
[EventCountry "GER"]
[SourceTitle "EXT 2015"]
[Source "ChessBase"]
[SourceDate "2014.11.20"]
[SourceVersion "1"]
[SourceVersionDate "2014.11.20"]
[SourceQuality "1"]

1. d4 Nf6 2. Nf3 c5 3. d5 e6 4. Nc3 a6 5. a4 d6 6. e4 Be7 7. Be2 0-0 8. 0-0 b6 9. h3 e5 10. Be3 Ne8 11. Qd2 Nd7 12. Rfb1 g6 13. Bh6 Ng7 14. b4 Kh8 15. Rb2 Nf6 16. bxc5 bxc5 17. a5 Ng8 18. Bxg7+ Kxg7 19. Rb6 f5 20. Rd1 Ra7 21. Kh2 Nh6 22. exf5 Nxf5 23. Ne4 Nd4 24. c3 Nxf3+ 25. Bxf3 Bf5 26. Qe2 Bxe4 27. Bxe4 Qd7 28. Bf3 Bd8 29. Rxa6 Bxa5 30. Bg4 Qe7 31. Rxa7 Qxa7 32. c4 Qf7 33. Kg1 Bc3 34. Be6 Qf6 35. f3 Bd4+ 36. Kh1 Qh4 37. Rb1 Rf4 38. Rb7+ Kf6 39. Rf7+ Kg5 40. Rxf4 Qxf4 41. Qe1 h5 42. h4+ Kf6 43. Bd7 Ke7 44. Bb5 Be3 45. Ba6 Qd4 46. g3 Bf2 47. Qc1 Bxg3 48. Qg5+ Kf7 49. Qxg3 Qa1+ 50. Kh2 Qxa6 51. f4 Qxc4 52. fxe5 Qe2+ 53. Kh1 Qxe5 54. Qh3 Qxd5+ 55. Kg1 Qd4+ 56. Kh1 Qe4+ 57. Kh2 Kf6 58. Qd7 Qxh4+ 59. Kg1 Qg4+ 0-1

[Event "Pyramiden Franken Cup"]
[Site "Fuerth"]
[Date "2014.09.05"]
[Round "3"]
[White "Bergner, Philipp"]
[Black "Gutman, Lev"]
[Result "0-1"]
[WhiteElo "1998"]
[BlackElo "2415"]
[PlyCount "44"]
[EventDate "2014.09.04"]
[EventType "swiss"]
[EventRounds "7"]
[EventCountry "GER"]
[SourceTitle "CBM 162 Extra"]
[Source "ChessBase"]
[SourceDate "2014.10.17"]
[SourceVersion "1"]
[SourceVersionDate "2014.10.17"]
[SourceQuality "1"]

1. d4 Nf6 2. Nf3 g6 3. Nc3 Bg7 4. e4 d5 5. e5 Ne4 6. Nxe4 dxe4 7. Ng5 c5 8. dxc5 Qa5+ 9. c3 Qxc5 10. e6 f5 11. Nf7 Nc6 12. Be3 Qa5 13. Qb3 f4 14. Bxf4 Nd4 15. Bb5+ Kf8 16. Qa4 Qxa4 17. Bxa4 Nxe6 18. Nxh8 Nxf4 19. Nxg6+ hxg6 20. 0-0 Nd3 21. f3 e3 22. Rfd1 Bf5 0-1

[Event "Stuttgart-chA int"]
[Site "Ditzingen"]
[Date "2013.05.11"]
[Round "6"]
[White "Bergner, Philipp"]
[Black "Rau, Juergen"]
[Result "1/2-1/2"]
[WhiteElo "1946"]
[BlackElo "2124"]
[PlyCount "48"]
[EventDate "2013.05.09"]
[EventType "swiss"]
[EventRounds "7"]
[EventCountry "GER"]
[SourceTitle "EXT 2014"]
[Source "ChessBase"]
[SourceDate "2013.11.20"]
[SourceVersion "1"]
[SourceVersionDate "2013.11.20"]
[SourceQuality "1"]

1. d4 Nf6 2. Nf3 g6 3. Nc3 d5 4. Bf4 Bg7 5. e3 0-0 6. Be2 c5 7. Ne5 Nc6 8. 0-0 cxd4 9. exd4 Qb6 10. Nxc6 Qxc6 11. Bb5 Qb6 12. a4 Bg4 13. f3 Bf5 14. a5 Qd8 15. Re1 a6 16. Bf1 Re8 17. Be5 Rc8 18. g4 Be6 19. Bd3 Rc6 20. Qd2 Qc8 21. Qg2 Nd7 22. Bxg7 Kxg7 23. Ne2 f6 24. c3 Bf7 1/2-1/2

[Event "Stuttgart-chA int"]
[Site "Ditzingen"]
[Date "2013.05.11"]
[Round "5"]
[White "Mayer, Dietmar"]
[Black "Bergner, Philipp"]
[Result "0-1"]
[WhiteElo "1802"]
[BlackElo "1946"]
[PlyCount "64"]
[EventDate "2013.05.09"]
[EventType "swiss"]
[EventRounds "7"]
[EventCountry "GER"]
[SourceTitle "EXT 2014"]
[Source "ChessBase"]
[SourceDate "2013.11.20"]
[SourceVersion "1"]
[SourceVersionDate "2013.11.20"]
[SourceQuality "1"]

1. d4 Nf6 2. Nf3 g6 3. Nc3 d5 4. Bf4 Bg7 5. e3 c6 6. Be2 Qb6 7. a3 Bg4 8. b4 Nbd7 9. 0-0 Nh5 10. Bg5 h6 11. Bh4 g5 12. h3 Be6 13. Nd2 Nf4 14. Bg3 Nxe2+ 15. Qxe2 0-0 16. Nb3 Qd8 17. Na5 Qc8 18. Rfc1 b6 19. Nb3 f5 20. Nb1 Qe8 21. N1d2 Qf7 22. c4 Kh8 23. a4 f4 24. Bh2 dxc4 25. Nxc4 b5 26. Nca5 Bxb3 27. Nxb3 Qxb3 28. axb5 fxe3 29. bxc6 exf2+ 30. Kf1 Nb6 31. b5 Nd5 32. Bg3 Ne3+ 0-1

[Event "Staufer op 25th"]
[Site "Schwaebisch Gmuend"]
[Date "2013.01.04"]
[Round "6"]
[White "Bergner, Philipp"]
[Black "Brem, Stephan"]
[Result "0-1"]
[WhiteElo "1961"]
[BlackElo "2095"]
[PlyCount "52"]
[EventDate "2013.01.02"]
[EventType "swiss"]
[EventRounds "9"]
[EventCountry "GER"]
[SourceTitle "CBM 152 Extra"]
[Source "ChessBase"]
[SourceDate "2013.02.25"]
[SourceVersion "1"]
[SourceVersionDate "2013.02.25"]
[SourceQuality "1"]

1. d4 g6 2. e4 Bg7 3. c4 d6 4. Nc3 e5 5. Be3 exd4 6. Bxd4 Nf6 7. Nf3 Nc6 8. Be3 0-0 9. Be2 Re8 10. Qc2 Nb4 11. Qb1 Nxe4 12. Nxe4 Bf5 13. Nfd2 d5 14. cxd5 Qxd5 15. a3 Rxe4 16. Nxe4 Bxe4 17. Bf3 Nd3+ 18. Kf1 Bxf3 19. gxf3 Qxf3 20. Rg1 Nxb2 21. Qc2 Nc4 22. Re1 b5 23. Bc1 Rd8 24. Qe4 Qh3+ 25. Rg2 Bc3 26. Qe7 Qd3+ 0-1

[Event "Stuttgart-chA int"]
[Site "Ditzingen"]
[Date "2010.05.14"]
[Round "4"]
[White "Bergner, Philipp"]
[Black "Probst, Alexander"]
[Result "1/2-1/2"]
[WhiteElo "1884"]
[BlackElo "2024"]
[PlyCount "56"]
[EventDate "2010.05.13"]
[EventType "swiss"]
[EventRounds "7"]
[EventCountry "GER"]
[SourceTitle "EXT 2018"]
[Source "ChessBase"]
[SourceDate "2017.10.13"]
[SourceVersion "1"]
[SourceVersionDate "2017.10.13"]
[SourceQuality "1"]

1. d4 Nf6 2. c4 e6 3. Nc3 Bb4 4. Qc2 0-0 5. a3 Bxc3+ 6. Qxc3 b6 7. Bg5 Bb7 8. e3 d6 9. f3 Nbd7 10. Bd3 c5 11. Ne2 Rc8 12. 0-0 d5 13. cxd5 Nxd5 14. Bxd8 Nxc3 15. Bh4 Nxe2+ 16. Bxe2 cxd4 17. exd4 Rc2 18. Bb5 Nf6 19. Rf2 Rfc8 20. Bd3 R2c7 21. Rd2 Bd5 22. Ba6 Rc2 23. Rad1 R8c6 24. Bd3 Rc1 25. Rxc1 Rxc1+ 26. Kf2 Bb3 27. Bg3 Nd5 28. Be4 f5 1/2-1/2

[Event "Stuttgart-chA int"]
[Site "Ditzingen"]
[Date "2010.05.13"]
[Round "1"]
[White "Aksenov, Pavel"]
[Black "Bergner, Philipp"]
[Result "1/2-1/2"]
[WhiteElo "2105"]
[BlackElo "1884"]
[PlyCount "112"]
[EventDate "2010.05.13"]
[EventType "swiss"]
[EventRounds "7"]
[EventCountry "GER"]
[SourceTitle "EXT 2018"]
[Source "ChessBase"]
[SourceDate "2017.10.13"]
[SourceVersion "1"]
[SourceVersionDate "2017.10.13"]
[SourceQuality "1"]

1. d4 Nf6 2. c4 g6 3. Nc3 Bg7 4. e4 d6 5. f4 0-0 6. Nf3 c5 7. d5 e6 8. Be2 exd5 9. exd5 Bf5 10. 0-0 Re8 11. Bd3 Qd7 12. Qc2 Na6 13. a3 Nc7 14. Bd2 a6 15. Bxf5 gxf5 16. Rae1 Rxe1 17. Rxe1 Re8 18. Rxe8+ Nfxe8 19. Ne2 Bf6 20. Ng3 Ng7 21. Bc3 Bxc3 22. Qxc3 b5 23. b3 bxc4 24. bxc4 h5 25. Nh4 Nce8 26. h3 Qe7 27. Ngxf5 Nxf5 28. Nxf5 Qe4 29. Qg3+ Kf8 30. Qg5 f6 31. Qh6+ Kg8 32. Qxh5 Ng7 33. Nxg7 Kxg7 34. Qg4+ Kh6 35. Qe6 Qxf4 36. Qg8 Kh5 37. Qh7+ Kg5 38. Qd3 f5 39. Kh1 Kf6 40. Qe2 Kg5 41. a4 a5 42. Qf3 Qc1+ 43. Kh2 Qxc4 44. Qg3+ Kh5 45. Qxd6 Qxa4 46. Qxc5 Qb4 47. Qxb4 axb4 48. d6 b3 49. d7 b2 50. d8Q b1Q 51. Qh8+ Kg6 52. Qe5 Qd3 53. Qg3+ Qxg3+ 54. Kxg3 Kg5 55. h4+ Kh5 56. Kf4 Kxh4 1/2-1/2

[Event "Stuttgart-chA int"]
[Site "Ditzingen"]
[Date "2009.05.21"]
[Round "1"]
[White "Bergner, Philipp"]
[Black "Pflaum, Stefan"]
[Result "0-1"]
[WhiteElo "1833"]
[BlackElo "2096"]
[PlyCount "50"]
[EventDate "2009.05.21"]
[EventType "swiss"]
[EventRounds "7"]
[EventCountry "GER"]
[SourceTitle "EXT 2018"]
[Source "ChessBase"]
[SourceDate "2017.10.13"]
[SourceVersion "1"]
[SourceVersionDate "2017.10.13"]
[SourceQuality "1"]

1. d4 f5 2. g3 Nf6 3. Bg2 g6 4. c4 Bg7 5. Nc3 d6 6. d5 0-0 7. Nh3 a5 8. Nf4 Na6 9. h4 Qe8 10. e3 Bd7 11. h5 Nc5 12. Bd2 Nxh5 13. Nxh5 gxh5 14. Qe2 Qg6 15. 0-0-0 f4 16. e4 fxg3 17. f3 Be5 18. Bh3 Bf4 19. Bxd7 Nxd7 20. Rh3 Ne5 21. Rf1 Qg5 22. Bxf4 Rxf4 23. Kb1 Raf8 24. Nb5 Nxf3 25. Kc2 g2 0-1